000 08748nam a22007574a 4500
005 20080729164931.0
008 080416s2008 waua 001 0 eng
010 _aB-280781-823
020 _a8183570267
_c395.00
035 _aB-280781-823
037 _aUnique/457/24.608/96/16.5.08/16.7.08
040 _aDPL
_bEnglish
082 _a000
245 _aUnique master guide CDS (Combind Defence Services) /
_cedited by P. Singh.
260 _aNew Delhi
_bUnique Publishers,
_c2009
270 _aM-51, Lajpat Nagar-II,
_bNew Delhi
_e110024
300 _aVarious pagings
_c28cm (pbk)
700 _aSingh, P.
942 _2ddc
_cEN
_mUNI
_h000
999 _c17447
_d17447